000 00840nam a2200253Ia 4500
003 OSt
005 20220923212501.0
006 a|||||r|||| 00| 0
007 ta
008 220922b |||||||| |||| 00| 0 hin d
024 _a153,431
037 _cTextual
040 _aARTS
_cARTS
_bhin
041 _2hin
_ahin
082 _aO15v, 152K5;L3
100 _aउपाध्याय, बलदेव
245 0 _aसंस्कृत साहित्य का इतिहास
246 _aSanskṛut sāhitya kā itihāsa
260 _aवाराणसी
_b शारदा संस्थान
_c1973
300 _a350पृ.
_ccm.
650 _aसंस्कृत साहित्य
942 _hO15v, 152K5;L3
_cTEXL
_2CC
999 _c309075
_d309075